| 000 | 01108nam a2200337 a 4500 | ||
|---|---|---|---|
| 001 | 009313 | ||
| 003 | DO-SdBNP | ||
| 005 | 20180202102222.0 | ||
| 007 | 009313 | ||
| 008 | 090929s 1984 mx a 001 0 spa d | ||
| 040 |
_aBNPHU _bspa _cBNPHU |
||
| 092 |
_a 371.928 _b G155r |
||
| 100 | 1 | _aGalguera, Isabel. | |
| 245 | 1 | 0 |
_a El retardo en el desarrollo : _bteoría y práctica / _cIsabel Galguera, Guillermo Hinojosa R., Edgar Galindo C. |
| 260 |
_aMéxico : _bTrillas, _c1984. |
||
| 300 |
_a460 p. : _bil. ; _c25 cm. |
||
| 490 | 1 | _aAportaciones de la psicología a la educación especial | |
| 500 | _a Incluye índice onomático | ||
| 500 | _a | ||
| 504 | _aBibliografía : 444-446 p. | ||
| 650 | _a Educación de niños con discapacidades. | ||
| 650 | _aEducación especial | ||
| 650 | _aPsicopedagogía. | ||
| 700 | 1 | _aHinojosa Rivero, Guillermo. | |
| 700 | 1 | _aGalindo Cota, Edgar Anibal. | |
| 830 | 0 | _aAportaciones de la psicología a la educación especial | |
| 910 | _a | ||
| 942 |
_2ddc _cBK |
||
| 945 | _aInventariado, 2018 /LP | ||
| 956 |
_aVMATEO _b10 _c20160607 _lBPMSU _h00069 |
||
| 999 |
_c10285 _d10285 |
||